00971njm a22002297a 45000050016000000060019000160070015000350080041000500280030000910350011001210400013001321000017001452450112001622460065002742600037003393000092003765000017004685050177004856500042006627000020007047000017007242010090302102.0a|||||r|||||00| 0 sd ammalaaahaa100903t xxu||||| |||| 00| 0 eng d aH.1244bHindusthan Record aGR-459 aSEDcSED aSaigal, K.L. aHindustani Parwana /cby K.L. Saigal; music by Khurshid Anwar; composed by D.N. Madhokh[Sound Recording] : aहिन्दुस्तानी परवाना /  aDum Dum IndiabHindusthan Record a1 sound disc (Gramophone Recording)banalog 33 1/3 rpmc9.5 in. (MP)fGramophone Record aBrief Record aSide1- मोहब्बत मैं कभी (Mohabbat Main Kabhi) (K .L. Saigal) -- Side 2- टूटे स्वप्नें (Toote Swapnein) (K.L. Saigal ).  aMotion Picture MusicxExcerptszIndia aAnwar, Khurshid aMadhok, D.N.